Drugie największe miasto w każdym województwie - Statystyki

Ogólne statystyki
  • Ten quiz został rozwiązany 544 razy
  • Średni wynik to 12 z 16
Statystyki odpowiedzi
Województwo Ludność Miasto % Poprawnych
lubuskie 123 691 Gorzów Wielkopolski
90%
pomorskie 246 244 Gdynia
88%
mazowieckie 217 834 Radom
87%
kujawsko-pomorskie 201 798 Toruń
84%
śląskie 231 527 Częstochowa
79%
podlaskie 69 858 Suwałki
77%
dolnośląskie 111 356 Wałbrzych
75%
warmińsko-mazurskie 119 760 Elbląg
74%
małopolskie 111 376 Tarnów
74%
zachodniopomorskie 107 225 Koszalin
73%
lubelskie 63 813 Zamość
73%
podkarpackie 60 999 Przemyśl
70%
wielkopolskie 100 482 Kalisz
69%
łódzkie 73 670 Piotrków Trybunalski
66%
opolskie 60 852 Kędzierzyn-Koźle
60%
świętokrzyskie 69 051 Ostrowiec Świętokrzyski
56%
Nie znaleziono quizów pasujących do podanych kryteriów
Rozkład punktacji
Procent ludzi z każdym wynikiem
Percentyl według liczby udzielonych odpowiedzi
Twoja historia wyników
Nie rozwiązałeś tego quizu